| 000 | 01146nam a22002537a 4500 | ||
|---|---|---|---|
| 001 | 3663 | ||
| 003 | FISKH | ||
| 005 | 20241217102639.0 | ||
| 008 | 240403b cb ||||| |||| 00| 0 eng d | ||
| 040 |
_aFISK _beng _cFISK _dFISK |
||
| 050 | _aGV1469.M575 | ||
| 082 | _a794.8 | ||
| 100 |
_aFarwell Nick _d1997- |
||
| 245 |
_aRedstone handbook / _bMinecraft : _cNick Farwell |
||
| 260 |
_aLondon : _bEgmont UK Limited, _c2013 |
||
| 300 |
_a95 pages : _bColor illustrations, _c21 cm |
||
| 490 | _aAn Official Mojang Book | ||
| 505 | _aX | ||
| 520 | _aIt's time to wire up and get connected to one of the most complex areas of Minecraft--Redstone. Redstone experts guide you through all aspects of working with Redstone including mining, smelting, using repeaters, circuit components and circuit designs. This handbook also includes exclusive tips from game creator Notch himself and some of the most extraordinary Redstone creations ever made. So power up and get switched on to Redstone--it's electrifying --Provided by publisher. | ||
| 521 | 8 |
_a1060 _bLexile |
|
| 700 | _aNick Farwell | ||
| 942 |
_2ddc _cBK _n0 |
||
| 999 |
_c3663 _d3663 |
||